000
00262 a2200109 4500
001
58528
082
_a
658.7 BLA
090
_c
35899
_d
35899
100
_a
Blanchard,S.B
245
_a
Logistic Engineering and Managment
260
_a
New york
_b
Prentice hall
_c
1987
942
_a
NUST-CAE
_k
658.7 BLA
999
_c
293601
_d
293601